| 000 | 00357nam a2200121 a 4500 | ||
|---|---|---|---|
| 008 | 110428s1974|||| d | ||
| 245 | 1 | 0 | _aU┤spechy sovietskej vedy a ich vplyv na rozvoj strojárskej technológie v ČSSR |
| 100 | 1 | _aBuda, Ján | |
| 260 |
_aBratislava _bVydavateľstvo T a E Lit. _c1974 |
||
| 020 | _c15 | ||
| 044 |
_axo _cSK |
||
| 041 | _aslo | ||
| 999 |
_c19255 _d19255 |
||